Detalles MARC
| 000 -LEADER |
| fixed length control field |
01401nam a2200337 a 4500 |
| 001 - CONTROL NUMBER |
| control field |
0000391 |
| 003 - CONTROL NUMBER IDENTIFIER |
| control field |
DO-SdBNP |
| 005 - DATE AND TIME OF LATEST TRANSACTION |
| control field |
20160513140453.0 |
| 007 - PHYSICAL DESCRIPTION FIXED FIELD--GENERAL INFORMATION |
| fixed length control field |
0000391 |
| 008 - FIXED-LENGTH DATA ELEMENTS--GENERAL INFORMATION |
| fixed length control field |
150817s2000 ac spa d |
| 020 ## - INTERNATIONAL STANDARD BOOK NUMBER |
| International Standard Book Number |
8482612026 |
| 040 ## - CATALOGING SOURCE |
| Original cataloging agency |
BPMSU |
| Language of cataloging |
spa |
| Transcribing agency |
BPMSU |
| 092 ## - LOCALLY ASSIGNED DEWEY CALL NUMBER (OCLC) |
| Classification number |
372.61 |
| Item number |
G216e 7mo. 2000 |
| 100 1# - MAIN ENTRY--PERSONAL NAME |
| Personal name |
García Cartagena, Manuel |
| 245 10 - TITLE STATEMENT |
| Title |
Español 7 |
| Remainder of title |
educación básica / |
| Statement of responsibility, etc. |
Manuel García Cartagena ; ilustración Ruddy Núñez ; dirección editorial Obdulia García de Escobar |
| 260 ## - PUBLICATION, DISTRIBUTION, ETC. (IMPRINT) |
| Place of publication, distribution, etc. |
Santo Domingo : |
| Name of publisher, distributor, etc. |
Santillana, |
| Date of publication, distribution, etc. |
2000. |
| 300 ## - PHYSICAL DESCRIPTION |
| Extent |
191 p : |
| Other physical details |
il. retrs. |
| Dimensions |
28 cm. |
| 490 0# - SERIES STATEMENT |
| Series statement |
Umbral |
| 505 1# - FORMATTED CONTENTS NOTE |
| Title |
Tradiciones dominicanas -- |
| -- |
Conoce y cuida tu cuerpo -- |
| -- |
Vivir como dominicanos -- |
| -- |
Retrato de familia -- |
| -- |
Naturalmente alegres -- |
| -- |
Los tiempos de la vida -- |
| -- |
La ciudad es un teatro -- |
| -- |
La ciencia por aquí y por allá -- |
| -- |
Tienes derechos -- |
| -- |
¡Qué manera de ser alguien! -- |
| -- |
Encantos de mi país -- |
| -- |
Las formas del amor -- |
| 650 ## - SUBJECT ADDED ENTRY--TOPICAL TERM |
| Topical term or geographic name as entry element |
GRAMÁTICA |
| General subdivision |
ENSEÑANZA BÁSICA |
| 650 ## - SUBJECT ADDED ENTRY--TOPICAL TERM |
| Topical term or geographic name as entry element |
GRAMÁTICA |
| General subdivision |
EDUCACIÓN PRIMARIA |
| 650 ## - SUBJECT ADDED ENTRY--TOPICAL TERM |
| Topical term or geographic name as entry element |
EDUCACIÓN BÁSICA |
| Geographic subdivision |
REPÚBLICA DOMINICANA |
| 650 ## - SUBJECT ADDED ENTRY--TOPICAL TERM |
| Topical term or geographic name as entry element |
GRAMÁTICA |
| General subdivision |
LIBROS DE TEXTO |
| 650 ## - SUBJECT ADDED ENTRY--TOPICAL TERM |
| Topical term or geographic name as entry element |
GRAMÁTICA |
| General subdivision |
ESTUDIOS Y EJERCICIOS |
| 700 1# - ADDED ENTRY--PERSONAL NAME |
| Personal name |
Núñez, Ruddy |
| Relator term |
il. |
| 700 1# - ADDED ENTRY--PERSONAL NAME |
| Personal name |
García de Escobar, Obdulia |
| Relator term |
dir. ed. |
| 830 #0 - SERIES ADDED ENTRY--UNIFORM TITLE |
| Uniform title |
Umbral |
| 910 ## - USER-OPTION DATA (OCLC) |
| User-option data |
00144 |
| 942 ## - ADDED ENTRY ELEMENTS (KOHA) |
| Source of classification or shelving scheme |
Dewey Decimal Classification |
| Koha item type |
Libros |
| 956 ## - LOCAL ELECTRONIC LOCATION AND ACCESS (OCLC) |
| Host name |
Yngrid Lockward |
| Access number |
10 |